000
00279nam a2200121Ia 4500
008
190216s9999||||xx |||||||||||||| ||und||
100
_a
Henrik Ibsen
245
0
_a
Janasatru
260
_b
Anjali Publications
_c
1989
300
_a
171p
650
_a
Malayalam Nadakam
942
_c
BK
999
_c
26462
_d
26462